01017nac a22002531u 4500010001600000020002800016082001500044090001500059100003400074245010000108260006300208300003500271490003500306500002800341504005100369511002900420650005700449650004200506700002100548830004000569942001900609999001500628952012000643 a 94043320 a0875846106 (alk. paper)00a658.5bPIS c5806d5806 aPisano, Gary P.[ed.] 00aManufacturing renaissance /cedited with an introduction by Gary P. Pisano and Robert H. Hayes. aBoston, MA :bHarvard Business School Press,c1995.cc1995. axxvi, 346 p. :bill. ;c25 cm.1 aA Harvard business review book aDistributer : Al-Ahram. aIncludes bibliographical references and index. aCatalogued By : Mahitab. 0aManufacturing industrieszUnited StatesxManagement. 0aIndustrial managementzUnited States.1 aHayes, Robert H. 0aHarvard business review book series cBBk658.5 PIS c5806d5806 00104070aMAINbMAINc1STd2005-11-07ePurchasel1m1o658.5 PISp000007453r2025-07-15 00:00:00s2015-10-20yBB